Torschützenliste der La Liga 2017-2018 - Statistiken

Allgemein
  • Dieses Quiz wurde 34 mal gespielt
  • Das Durchschnittsergebnis liegt bei 7 aus 10
Antwortstatistiken
Nationalität Spieler Nationalität Mannschaft % Korrekt
Portugal Cristiano Ronaldo Real Madrid 26
100%
Argentinien Lionel Messi FC Barcelona 34
100%
Uruguay Luis Suárez FC Barcelona 25
100%
Frankreich Antoine Griezmann Atlético Madrid 19
97%
Wales Gareth Bale Real Madrid 16
97%
Spanien Iago Aspas Celta Vigo 22
67%
Uruguay Christian Stuani FC Girona 21
36%
Spanien Gerard Moreno Espanyol Barcelona 16
33%
Spanien Rodrigo FC Valencia 16
18%
Uruguay Maxi Gómez Celta Vigo 17
6%
Keine übereinstimmenden Quizze gefunden
Verteilung der Resultate
Anzahl Personen mit jedem Resultat
Perzentil nach korrekt beantworteten Fragen
Ihre Resultats-Entwicklung
Sie haben dieses Quiz noch nicht gespielt